000
00280nam a22001217a 4500
020
_a
MACL
082
_a
320/KUM
100
_a
KUMAR R.V.
_9
83521
245
_a
Face Off India And China
260
_a
New Delhi
_b
Manas Publications
_c
2022
650
_a
Political Science
942
_c
BK
999
_c
68465
_d
68465